Účetní standard pro pojistné smlouvy IFRS4 - pokrok nebo zklamání?
Čo je IFRS4 (Medzinárodné účtovné štandardy). Hlavné zásady IFRS4. Definícia poistnej zmluvy. Zmeny účtovných postupov. Príloha účtovnej uzávierky. Prijatie IFRS4 na medzinárodnej úrovni. IFRS4 a český poistný trh.
Salvato in:
| Autore principale: | |
|---|---|
| Altri autori: | |
| Natura: | Capitolo di libro |
| Lingua: | ceco |
| Soggetti: | |
| Tags: |
Nessun Tag, puoi essere il primo ad aggiungerne!!
|
MARC
| LEADER | 00000naa$a2200000$$$4500 | ||
|---|---|---|---|
| 001 | 0012451 | ||
| 005 | 20230927101313.2 | ||
| 041 | 0 | |a cze | |
| 044 | |a CZ | ||
| 245 | 1 | 0 | |a Účetní standard pro pojistné smlouvy IFRS4 - pokrok nebo zklamání? |c aut. Jiří Fialka, Judita Říhová |
| 520 | |a Čo je IFRS4 (Medzinárodné účtovné štandardy). Hlavné zásady IFRS4. Definícia poistnej zmluvy. Zmeny účtovných postupov. Príloha účtovnej uzávierky. Prijatie IFRS4 na medzinárodnej úrovni. IFRS4 a český poistný trh. | ||
| 610 | 2 | 0 | |a štandardy účtovné medzinárodné |
| 610 | 2 | 0 | |a poisťovníctvo |
| 610 | 2 | 0 | |a zmluvy poistné |
| 610 | 2 | 0 | |a uzávierky |
| 610 | 2 | 0 | |a postupy účtovné |
| 610 | 2 | 0 | |a trh poistný |
| 610 | 2 | 0 | |a Česko |
| 100 | 1 | |a Fialka, Jiří | |
| 700 | 1 | |a Říhová, Judita | |